Life, death and duality : a handbook of the Rev. Edmund P. Joyce, C.S.C. Collection of Ritual Ballgame Sculpture /

Saved in:
Bibliographic Details
Corporate Author: Snite Museum of Art.
Other Authors: Bradley, Douglas E., Joyce, Edmund P.
Format: Book
Language:English
Published: [Notre Dame, Ind.] : University of Notre Dame, 1997.
Series:Snite Museum of Art bulletin ; 1997.
Subjects:
Tags: Add Tag
No Tags, Be the first to tag this record!
LEADER 01384cam a2200361Ia 4500
001 007724773-6
005 20061027131831.0
008 980826s1997 inuab b 000 0 eng d
035 0 |a ocm39750624 
040 |a IND  |c IND  |d UMC  |d IUL  |d TOZ 
043 |a nc-----  |a n-mx--- 
090 |a F1434.2.S38  |b S65 1997 
110 2 |a Snite Museum of Art. 
245 1 0 |a Life, death and duality :  |b a handbook of the Rev. Edmund P. Joyce, C.S.C. Collection of Ritual Ballgame Sculpture /  |c by Douglas E. Bradley. 
246 1 4 |a Life, death & duality 
260 |a [Notre Dame, Ind.] :  |b University of Notre Dame,  |c 1997. 
300 |a 90 p. :  |b ill. (some col.), col. maps ;  |c 28 cm. 
490 1 |a Snite Museum of Art bulletin ;  |v 1997 
504 |a Includes bibliographical references (p. 84-90). 
650 0 |a Indian sculpture  |z Central America  |v Catalogs. 
650 0 |a Indian sculpture  |z Mexico  |v Catalogs. 
650 0 |a Indians of Central America  |x Antiquities  |v Catalogs. 
650 0 |a Indians of Mexico  |x Antiquities  |v Catalogs. 
650 0 |a Indians of Central America  |x Games. 
650 0 |a Indians of Mexico  |x Games. 
650 0 |a Olmec sculpture  |v Catalogs. 
650 0 |a Pelota (Indian game) 
600 1 0 |a Joyce, Edmund P.  |x Art collections. 
700 1 |a Bradley, Douglas E. 
700 1 |a Joyce, Edmund P. 
830 0 |a Snite Museum of Art bulletin ;  |v 1997. 
988 |a 20020608 
906 |0 OCLC